000 01153nam a2200349 c 4500
999 _c19106
_d19106
001 19106
003 ES-MaCES
005 20190723104843.0
008 060724s2005 sp d t 000 | spa d
035 _aCES20060009335m
040 _aES-MaCES
_bspa
_cES-MaCES
245 0 0 _aLocalización y movilidad de las empresas en España
_b: empleo, tecnología e infraestructuras como factores explicativos : [Programa FSE-EOI]
260 _a[Madrid]
_bEOI
_c2005
300 _a238 h.
_bgráf.
_c30 cm
504 _aBibliografía: h. 231-232
541 _cGratuito
650 4 _aubicación de industrias
_927640
650 4 _areubicación de industrias
_927641
650 4 _aglobalización económica
_930653
650 4 _ainversiones extranjeras
_928175
650 4 _aempleo
_928299
650 4 _atecnología
_928238
650 4 _ainfraestructura
_928025
650 4 _aEspaña
_926964
650 4 _aanálisis económico
_927070
650 4 _928178
_aempresa
653 1 0 _aEmpresa
710 2 _aEscuela de Organización Industrial
_eed.
_92702
902 _aLIB Libro
942 _2CES
_cBK
_h0.0.